Operacje bankowe rozliczenia krajowe i zagraniczne

Saved in:
Bibliographic Details
Main Author: Krzyzkiewicz, Zbigniew
Format: Book
Language:Polish
Published: Warszawa Poltext 1998
Series:Szkola Glówna Handlowa Studia Finansowo-Bankowe
Subjects:
Tags: Add Tag
No Tags, Be the first to tag this record!

MARC

LEADER 00000nam a2200000 4500
001 c123781
005 20221221083127.9
020 |a 83-86890-49-5 
041 0 |a pol 
044 |a PL 
245 1 0 |a Operacje bankowe  |b rozliczenia krajowe i zagraniczne  |c Zbigniew Krzyzkiewicz 
264 1 |a Warszawa  |b Poltext  |c 1998 
300 |a 200 s. 
490 1 |a Szkola Glówna Handlowa  |v Studia Finansowo-Bankowe 
830 0 |a Szkola Glówna Handlowa  |v Studia Finansowo-Bankowe 
610 2 0 |a banky 
610 2 0 |a bankovníctvo 
610 2 0 |a operácie bankové 
610 2 0 |a trh finančný 
610 2 0 |a právo 
610 2 0 |a účty bankové 
610 2 0 |a šeky 
610 2 0 |a karty platobné 
610 2 0 |a hotovosť 
610 2 0 |a peniaze 
610 2 0 |a falzifikáty 
610 2 0 |a burzovníctvo 
610 2 0 |a únie menové 
610 2 0 |a kurz výmenný 
610 2 0 |a informatika 
100 1 |a Krzyzkiewicz, Zbigniew